Mestečko Okurov

Bibliographic Details
Main Author: Gorkij, Maksim, 1868-1936 (Author)
Other Authors: Klimová, Mária, 1908-1954 (Translator)
Format: Book
Language:Slovak
Russian
PhysicalDescription:310 strán 21 cm
Published: Bratislava Pravda 1951
Edition:Vydanie 1.
Series:Gorkij, Maksim, 1868-1936 Dielo
Subjects:

MARC

LEADER 00000cam a2200000 a 4500
001 vtls008372078
003 SK-MaSNL
005 20260301075352.0
008 230403s1951 xo gr 01 f slo
015 |a SNBA19451955-003167 
020 |q (viazané) 
035 |a SK01SNKBKSFS20010064295 
035 |a urn:nbn:sk:snk-am3icpb 
035 |a urn:nbn:sk:snk-am00e3lk 
035 |a 0B07A107-FB0E-4068-AFF8-0C96581B1EEC 
035 |a SKM000066758 
040 |a SNK  |b slo  |c SNK  |e AACR2 
041 1 |a slo  |h rus 
044 |a xo  |c SK 
080 |a 821.161.1-31=162.4  |2 1981 
100 1 |a Gorkij, Maksim,  |d 1868-1936  |4 aut  |9 102443 
245 1 0 |a Mestečko Okurov  |c Maksim Gorkij ; z ruského originálu Sočinenija, tom XI, Ostatné poviedky z Maxim Gorkij: Izbrannyje sočinenija, II. preložila Mária Klimová 
250 |a Vydanie 1. 
260 |a Bratislava  |b Pravda  |c 1951  |e Bratislava  |f Pravda 
300 |a 310 strán  |c 21 cm 
366 |e 7000 kusov 
490 1 |a Dielo Maxima Gorkého 
505 0 0 |t Diváci --  |t Ľahtikár --  |t Sžieravé náruživosti --  |t Veselý chlap --  |t Poviedka o nezvyčajnom --  |t O šváboch 
655 7 |a ruské romány  |2 SNKPH  |9 70514 
700 1 |a Klimová, Mária,  |d 1908-1954  |4 trl  |9 40140 
700 1 2 |a Gorkij, Maksim,  |d 1868-1936  |t Sočinenija, tom XI  |l Slovensky  |9 399406 
700 1 2 |a Gorkij, Maksim,  |d 1868-1936  |t Izbrannyje sočinenija, II.  |l Slovensky  |9 399407 
800 1 |a Gorkij, Maksim,  |d 1868-1936  |t Dielo  |9 399408 
852 |a Slovenská národná knižnica 
954 |a beletria cudzojazyčná (svetová)  |2 lita 
958 |a EUIPO 
958 |a OND 
958 |a RK 
958 |a TL 
958 |a LX 
958 |a UP 
968 |b RUS 
999 |c 649983  |d 651913 
952 |a SNK  |b SNK  |y PREZ  |7 0  |p 17A0764209  |o snkSC 4493  |i snk3418/51  |0 0  |1 0  |4 0  |d 2019-01-10  |f 1  |l 0  |r 2025-06-25 00:00:00  |w 2026-02-23